00263nam a2200109 4500020001800000082002000018100002100038245003200059250000800091260004600099300000800145 a9781429275033 a543 HARb007521 aHarris Daniel C. aExploring Chemical Analysis a5Th aNew YorkbW. H. Freeman and Companyc2009 a631